| 000 | 00709nam a2200217 i 4500 | ||
|---|---|---|---|
| 001 | 136816 | ||
| 003 | ES-MaACL | ||
| 005 | 20250420121609.0 | ||
| 007 | t| | ||
| 008 | 070214s1980 sp r ||||1| spa d | ||
| 100 | 1 |
_aSagrera, Martín. _9101457 |
|
| 245 | 1 | 3 |
_aLa capacidad poblacional de España / _cMartín Sagrera. |
| 260 |
_aMadrid : _b[s.n.], _c1980. |
||
| 300 |
_a15 h. ; _c24 cm. |
||
| 530 | _aDisponible en formato digital. | ||
| 651 | 4 |
_aEspaña- _xPoblación- _yS.XX. _98392 |
|
| 852 | 4 |
_aES-MaACL _j2118-F-1 _cDEPOF _zRevisadp enlace: 20 de Abril de 2025 |
|
| 856 | 4 |
_uhttps://dialnet.unirioja.es/servlet/articulo?codigo=273671 _yDialnet |
|
| 942 | _2udc | ||
| 999 |
_c136816 _d136816 |
||